|
|
|
|
| LEADER |
00000nab a2200000 a 4500 |
| 001 |
vtls000074978 |
| 003 |
SK-MaSNL |
| 005 |
20260303201532.0 |
| 008 |
040806c1980 xo 0 slo |
| 015 |
|
|
|a SNBRA19rr/mm-uuuuu
|
| 035 |
|
|
|a CL0085079
|
| 040 |
|
|
|a SNKBUCL
|b slo
|c SNKBUCL
|e AACR2
|
| 041 |
0 |
|
|a slo
|
| 044 |
|
|
|a xo
|c SK
|
| 080 |
|
|
|a 808.54
|2 1981
|
| 080 |
|
|
|a 801.3
|2 1981
|
| 100 |
1 |
|
|a Pisárčiková, Mária,
|d 1937-
|4 aut
|9 90042
|
| 245 |
1 |
0 |
|a Vnútroslovná antonymia
|c Mária Pisárčíková
|
| 650 |
0 |
7 |
|a slovenčina
|2 snkbucl
|9 1350
|
| 650 |
0 |
7 |
|a lexikológia
|2 snkbucl
|9 866
|
| 650 |
0 |
7 |
|a antonymia
|2 snkbucl
|9 24728
|
| 650 |
0 |
7 |
|a antonymá
|2 snkbucl
|9 69763
|
| 650 |
0 |
7 |
|a vnútroslovná antonymia
|2 snkbucl
|9 826656
|
| 773 |
0 |
|
|t Jazykovedné štúdie
|d Bratislava : Veda, 1980
|
| 850 |
|
|
|a Slovenská národná knižnica v Martine
|a MTA001
|
| 852 |
|
|
|a SNK
|b KIS3GCP
|
| 999 |
|
|
|c 2174705
|d 2176635
|